Ejército de Chile: historia del Cuerpo Militar del Trabajo

Đã lưu trong:
Chi tiết về thư mục
Tác giả chính: Schouwen Figueroa, Guillermo van (Tác giả)
Định dạng: Sách
Ngôn ngữ:Tiếng Tây Ban Nha
Được phát hành: Santiago, Chile Fernando del Valle Villalón 2003
Santiago Sergio Varela Solar 2003
Những chủ đề:
Các nhãn: Thêm thẻ
Không có thẻ, Là người đầu tiên thẻ bản ghi này!

MARC

LEADER 00000nam a2200000 a 4500
001 UCL6592
003 CL-VaPUC
005 20210521001606.0
008 040416e20030000cl |||||||||||||||||spa|d
999 |c 308593  |d 308591 
040 |c Pontificia Universidad Católica de Valparaíso 
082 0 4 |a 355.00983 SCH 2003  |2 21 
100 0 |a Schouwen Figueroa, Guillermo van  |e author  |9 484203 
245 1 0 |a Ejército de Chile:  |b  historia del Cuerpo Militar del Trabajo 
260 |a Santiago, Chile  |b Fernando del Valle Villalón  |c 2003 
260 |a Santiago  |b Sergio Varela Solar  |c 2003 
300 |a 327 páginas 
583 |a last modification  |c 20171010 05:28:15  |k Rodrigo Vera 
610 |2 EJERCITO DE CHILE  |b CUERPO MILITAR DEL TRABAJO  |9 856468 
650 0 |a Fuerzas Armadas  |x HISTORIA DE CHILE  |9 255504 
852 |a BIBCUR 
942 |c BK  |2 ddc 
945 |d 20040416 00:00:00  |a cmena 
952 |0 0  |1 0  |2 ddc  |4 0  |6 355_009830000000000_SCH_2003_2003  |7 0  |8 A  |9 375224  |a BIBHIS  |b BIBHIS  |d 2019-11-21  |i 4000072  |o 355.00983 SCH 2003 2003  |p 4000072  |r 2025-01-20  |t 2  |w 2019-11-21  |y BK  |k HIS 
952 |0 0  |1 0  |2 ddc  |4 0  |6 355_009830000000000_SCH_2003_2003  |7 0  |8 A  |9 375225  |a BIBDER  |b BIBDER  |d 2019-11-21  |i 4000064  |o 355.00983 SCH 2003 2003  |p 4000064  |r 2023-01-25  |t 1  |w 2019-11-21  |y BK  |k DER 
952 |0 0  |1 0  |2 ddc  |4 0  |6 355_009830000000000_SCH_2003_2003  |7 0  |8 A  |9 375226  |a BIBGIM  |b BIBGIM  |d 2019-11-21  |i 4000056  |o 355.00983 SCH 2003 2003  |p 4000056  |r 2025-01-15  |t 3  |w 2019-11-21  |y BK  |k GIM